<?xml version="1.0" encoding="UTF-8"?><?xml-stylesheet type="text/xsl" href="static/style.xsl"?><OAI-PMH xmlns="http://www.openarchives.org/OAI/2.0/" xmlns:xsi="http://www.w3.org/2001/XMLSchema-instance" xsi:schemaLocation="http://www.openarchives.org/OAI/2.0/ http://www.openarchives.org/OAI/2.0/OAI-PMH.xsd"><responseDate>2026-04-13T04:53:19Z</responseDate><request verb="GetRecord" identifier="oai:www.recercat.cat:2072/486556" metadataPrefix="marc">https://recercat.cat/oai/request</request><GetRecord><record><header><identifier>oai:recercat.cat:2072/486556</identifier><datestamp>2025-10-05T14:29:00Z</datestamp><setSpec>com_2072_98</setSpec><setSpec>col_2072_378192</setSpec></header><metadata><record xmlns="http://www.loc.gov/MARC21/slim" xmlns:dcterms="http://purl.org/dc/terms/" xmlns:xsi="http://www.w3.org/2001/XMLSchema-instance" xmlns:doc="http://www.lyncode.com/xoai" xsi:schemaLocation="http://www.loc.gov/MARC21/slim http://www.loc.gov/standards/marcxml/schema/MARC21slim.xsd">
   <leader>00925njm 22002777a 4500</leader>
   <datafield ind2=" " ind1=" " tag="042">
      <subfield code="a">dc</subfield>
   </datafield>
   <datafield ind2=" " ind1=" " tag="720">
      <subfield code="a">Ossó, Àlex</subfield>
      <subfield code="e">author</subfield>
   </datafield>
   <datafield ind2=" " ind1=" " tag="720">
      <subfield code="a">Artal, Pedro</subfield>
      <subfield code="e">author</subfield>
   </datafield>
   <datafield ind2=" " ind1=" " tag="720">
      <subfield code="a">Bakel, Barry W.M van.</subfield>
      <subfield code="e">author</subfield>
   </datafield>
   <datafield ind2=" " ind1=" " tag="720">
      <subfield code="a">Ferrer, Oriol</subfield>
      <subfield code="e">author</subfield>
   </datafield>
   <datafield ind2=" " ind1=" " tag="260">
      <subfield code="c">2025</subfield>
   </datafield>
   <datafield ind2=" " ind1=" " tag="520">
      <subfield code="a">Altres ajuts: Grup de Recerca de GeodinàmiIa i Anàlisi de Conques (2021SRG076) finançat per la Secretaria d'Universitats i Recerca del Departament d'Economia i Coneixement de la Generalitat de Catalunya.</subfield>
   </datafield>
   <datafield ind2=" " ind1=" " tag="520">
      <subfield code="a">This study presents a initial assessment of the decapod fauna from the Lower Aptian Forcall Fm. in the Morella and Orpesa sub-basins of the Valencian sector of the Maestrat Basin. A total of thirteen taxa are documented, representing Nephropoidea, Paguroidea, Galatheoidea, Axiidea, and Brachyura. Among them, one new genus, three new species, and a new combination are proposed: Viapagurus covavidrensis n. sp., Eomunidopsis rigolleti n. sp., Morellosia maestratensis n. gen., n. sp., and Distefania pimientai n. comb. Comparisons with decapod faunas from other sub-basins of the Maestrat Basin suggest a notable faunal homogeneity across the region. Additionally, palaeobiogeographic implications are discussed, providing insights into the distribution and diversity of Aptian decapod crustaceans. These findings contribute to a more comprehensive understanding of the decapod assemblages of the Forcall Fm. and their relationship with coeval faunas in the western Maestrat Basin.</subfield>
   </datafield>
   <datafield tag="653" ind2=" " ind1=" ">
      <subfield code="a">Lower cretaceous. forcall formation. crustaceans. decapoda. brachyura. systematics</subfield>
   </datafield>
   <datafield ind2="0" ind1="0" tag="245">
      <subfield code="a">Decapod fauna from the lower Aptian in the Valencian sector of the Maestrat Basin (NE Iberia)</subfield>
   </datafield>
</record></metadata></record></GetRecord></OAI-PMH>